| 000 -CABECERA |
| Longitud fija campo de control |
00525nam a2200193 a 4500 |
| 001 - NÚMERO DE CONTROL |
| Número de control |
1953 |
| 003 - IDENTIFICADOR DEL NÚMERO DE CONTROL |
| Identificador del número de control |
CDMR |
| 005 - FECHA Y HORA DE LA ÚLTIMA TRANSACCIÓN |
| Fecha y hora de la última transacción |
20131112115724.0 |
| 008 - CÓDIGOS DE INFORMACIÓN DE LONGITUD FIJA |
| Códigos de información de longitud fija |
130130s ||||||||||||||||||||||||||||d |
| 020 ## - NÚMERO INTERNACIONAL NORMALIZADO PARA LIBROS |
| Número Internacional Normalizado para Libros (ISBN) |
8445110195 |
| 040 ## - FUENTE DE LA CATALOGACIÓN |
| Centro catalogador de origen |
CDMR |
| Lengua de catalogación |
cat |
| Centro transcriptor |
CDMR |
| 110 2# - PUNTO DE ACCESO PRINCIPAL-NOMBRE DE ENTIDAD CORPORATIVA |
| 9 (RLIN) |
1457 |
| Nombre de entidad corporativa o nombre de jurisdicción como elemento inicial |
DIRCOM |
| 245 13 - MENCIÓN DE TÍTULO |
| Título |
La comunicación en la empresa |
| Mención de responsabilidad, etc. |
[Asociación de Directivos de Comunicación] |
| 260 ## - PUBLICACIÓN, DISTRIBUCIÓN, ETC. (PIE DE IMPRENTA) |
| Lugar de publicación, distribución, etc. |
Madrid |
| Nombre del editor, distribuidor, etc. |
DirCom |
| 300 ## - DESCRIPCIÓN FÍSICA |
| Extensión |
162 p. |
| Dimensiones |
30 cm |
| 650 04 - PUNTO DE ACCESO ADICIONAL DE MATERIA - TÉRMINO DE MATERIA |
| 9 (RLIN) |
3333 |
| Término de materia o nombre geográfico como elemento inicial |
Gabinets de premsa |
| 650 04 - PUNTO DE ACCESO ADICIONAL DE MATERIA - TÉRMINO DE MATERIA |
| 9 (RLIN) |
2798 |
| Término de materia o nombre geográfico como elemento inicial |
Comunicació en l'empresa |
| 942 ## - ENTRADA DE ELEMENTOS AGREGADOS (KOHA) |
| Koha [por defecto] tipo de item |
Monografies |
| Fuente de clasificaión o esquema |
|